| 000 | 01116nam a2200313 a 4500 | ||
|---|---|---|---|
| 001 | VNU140137161 | ||
| 005 | 20200924215532.0 | ||
| 008 | 120207s2010 xxc|||||||||||||||||eng|| | ||
| 020 | _a0071633383 | ||
| 020 | _a9780071633383 | ||
| 040 |
_aISVNU _bvie _cISVNU _eaaacr2 |
||
| 041 | 0 | _aeng | |
| 044 | _axxc | ||
| 082 | 7 | 4 |
_a657.9042028553 _222 |
| 090 |
_a657 _bCAP 2010 |
||
| 100 | 1 | _aCapachietti, Leslie | |
| 245 | 1 | 0 |
_aQuickBooks 2010 : _bthe official guide : for QuickBooks Pro users / _cLeslie Capachietti |
| 246 |
_aQuickBooks 2010 : _bfinancial software |
||
| 260 |
_aNew York : _bMcGraw-Hill/Iwin, _c2010 |
||
| 300 |
_axxxii, 574 p. : _bill. ; _c24cm. |
||
| 520 | _aExplains how to use QuickBooks to set-up and manage bookkeeping systems, track invoices, pay bills, manage payroll, generate reports, and determine job costs. | ||
| 650 | 0 |
_aSmall business _eAccounting _xComputer programs. |
|
| 650 | 0 |
_aSmall business _eFinance _xComputer programs |
|
| 653 | _aKế toán | ||
| 653 | _aPhần mềm kế toán | ||
| 912 | _aNguyễn Thị Dung | ||
| 913 | _aKhoa Quốc tế 01 | ||
| 942 |
_2ddc _cTB |
||
| 999 |
_c7397 _d7397 |
||